00609 a2200181 4500003000400000005001700004008004100021020001800062040000900080082001500089100002800104245006800132260002000200300002000220942003600240952013400276999001700410OSt20230929133445.0230929b |||||||| |||| 00| 0 eng d a9789352836109 coclc a515bRAI/O aRaisinghania, M D93881 aOrdinary and partial differential equations /cM D Raisinghania bS Chand,c2022. amultipagination 2ddccBKh515iRAI/Ok515mRAI/O 00102ddc40708MATHEMATICSaMESbMEScMATd2023-09-29l0o515 RAI/Op42677r2023-09-29 13:35:24v775.00w2023-09-29yBKzGL24R1 c42383d42383